logo

Bir Sreshtho Munshi Abdur Rouf Library
Jhenaidah Cadet College

The enchanted island / (Record no. 5952)

MARC details
000 -LEADER
fixed length control field 00652nam a2200241 a 4500
001 - CONTROL NUMBER
JCCL Control Number 5952
003 - CONTROL NUMBER IDENTIFIER
JCCL marc code BD-JhCC
005 - DATE AND TIME OF LATEST TRANSACTION
control field 20180101182601.0
008 - FIXED-LENGTH DATA ELEMENTS--GENERAL INFORMATION
fixed length control field 171231s1964 nyua 000 0 eng d
035 ## - SYSTEM CONTROL NUMBER
system control number (BD-JhCC)5952
040 ## - CATALOGING SOURCE
Original cataloging agency BD-JhCC
Transcribing agency CarP
Modifying agency BD-JhCC
041 ## - LANGUAGE CODE
Language code of Book eng
050 00 - LIBRARY OF CONGRESS CALL NUMBER
Classification number PR2877
Item number .S36
082 ## - DEWEY DECIMAL CLASSIFICATION NUMBER
Classification number 823.9
Author mark and Year SER 1964
100 1# - MAIN ENTRY--PERSONAL NAME
Personal name Serraillier, Ian.
245 14 - TITLE STATEMENT
Title The enchanted island /
Statement of responsibility, etc Ian Serraillier,
260 ## - PUBLICATION, DISTRIBUTION, ETC. (IMPRINT)
Place of publication, distribution, etc New York,
Name of publisher, distributor, etc H. Z. Walck,
Date of publication, distribution, etc 1964.
300 ## - PHYSICAL DESCRIPTION
Pagination 201 p.
Other physical details illus. (part col.)
Dimensions 22 cm.
600 10 - SUBJECT ADDED ENTRY--PERSONAL NAME
Personal name Shakespeare, William,
Dates associated with a name 1564-1616
General subdivision Adaptations.
650 ## - SUBJECT ADDED ENTRY--TOPICAL TERM
Topical term or geographic name as entry element English Novel
942 ## - ADDED ENTRY ELEMENTS (KOHA)
Source of classification or shelving scheme Dewey Decimal Classification
Koha item type Books
Holdings
Source of classification or shelving scheme Damaged status Not for loan Home library Current library Shelving location Date of accession Total Checkouts Full call number Barcode Date last seen Copy number Koha item type
Dewey Decimal Classification     JCC Rouf Library JCC Rouf Library General Stacks 12/31/2017   823.9 SER 1964 8105 12/31/2017 C - 1 Books

JCC Library | Contacts | JCC Home

Last Update on 23 September 2017
Copyright @ 2017-2020 JCC Rouf Library
Rouf Library, Jhenidah Cadet College (JCC), Bangladesh